| 000 | 00938nam a22002417a 4500 | ||
|---|---|---|---|
| 999 |
_c7046 _d7046 |
||
| 003 | AR-CdUCM | ||
| 008 | 190319b ||||| |||| 00| 0 spa d | ||
| 020 | _a84-205-0438-6 | ||
| 040 |
_aMUNICIPALIDAD PROVINCIAL DEL CUSCO _cBIBLIOTECA MUNICIPAL DEL CUSCO |
||
| 082 |
_a507 / _bC92 |
||
| 100 |
_aGil Criado, A. _919849 |
||
| 245 | _aProblemas resueltos de cálculo infinitesimal / | ||
| 260 |
_aMadrid : _bAlhambra, _c1973. |
||
| 300 |
_a325 paginas ; _c23 cm. |
||
| 500 | _aSección III: Matemáticas | ||
| 505 | _aContenido :Conjunto. Relaciones de orden. Topología -- Sucesiones numéricas --Series numéricas --Funciones reales de una variable --Funciones reales de dos o mas variables --Integrales --Sucesiones y series funcionales --Complejos / | ||
| 650 |
_aAnálisis matemáticos _919850 |
||
| 650 |
_aProblemas _99246 |
||
| 650 |
_aEjercicios _919599 |
||
| 650 |
_aCalculo _918765 |
||
| 942 |
_2ddc _cLIBROS |
||
| 945 | _arjall | ||